11 interludií pro dvě klariny

Další autoři: Trojan, Jan, 1982-
Jazyk: Nelze použít, není lingvistický obsah
Vydáno: Praha : Supraphon, 1988
Vydání: 3. vyd.
Edice: Musica Viva Historica
Fyzický popis: 15 s.
Hudebniny Hudebniny
Uloženo v:
LEADER 00804ncm a22002532a 4500
001 001195797
003 CZ BrMZK
005 20120321133801.0
007 qu
008 120221s1988 xr |||||||||||||||||zxx d
040 |a BOA001  |b cze 
072 7 |a 788  |x Hudba pro dechové nástroje  |2 Konspekt  |9 9 
245 0 0 |a 11 interludií pro dvě klariny  |h [hudebnina] /  |c (anonym) ; edit. Jan Trojan 
250 |a 3. vyd. 
260 |a Praha :  |b Supraphon,  |c 1988 
300 |a 15 s. 
490 1 |a Musica Viva Historica ;  |v 38 
504 |a Obsahuje bibliografii 
700 1 |a Trojan, Jan,  |d 1982-  |7 mzk2008473040  |4 edt 
830 0 |a Musica Viva Historica 
910 |a BOA001  |b Mus4-0939.336 
990 |a MU 
991 |b 201202 
996 6 |b 2619053602  |c Mus4-0939.336  |l MZK  |r Sklad / do 1 hodiny  |n 0  |w 001229429  |u 000010  |a 1  |e BOA001  |j MZK50  |s P